<?xml version="1.0" encoding="UTF-8"?>
<marc:record xmlns:marc="http://www.loc.gov/MARC21/slim">
   <marc:leader>00000nam a2200000 a 4500</marc:leader>
   <marc:datafield ind1="1" ind2=" " tag="100">
      <marc:subfield code="a">Peek, Ben</marc:subfield>
      <marc:subfield code="4">aut</marc:subfield>
      <marc:subfield code="e">Verfasser/-in</marc:subfield>
   </marc:datafield>
   <marc:datafield ind1=" " ind2=" " tag="653">
      <marc:subfield code="a">Götter</marc:subfield>
   </marc:datafield>
   <marc:datafield ind1=" " ind2=" " tag="653">
      <marc:subfield code="a">Fluch</marc:subfield>
   </marc:datafield>
   <marc:datafield ind1=" " ind2=" " tag="653">
      <marc:subfield code="a">Energie</marc:subfield>
   </marc:datafield>
   <marc:datafield ind1=" " ind2=" " tag="653">
      <marc:subfield code="a">Bedrohung</marc:subfield>
   </marc:datafield>
   <marc:datafield ind1=" " ind2=" " tag="653">
      <marc:subfield code="a">Magie</marc:subfield>
   </marc:datafield>
   <marc:datafield ind1=" " ind2=" " tag="653">
      <marc:subfield code="a">verflucht</marc:subfield>
   </marc:datafield>
   <marc:datafield ind1=" " ind2=" " tag="653">
      <marc:subfield code="a">düster</marc:subfield>
   </marc:datafield>
   <marc:datafield ind1="0" ind2="0" tag="245">
      <marc:subfield code="a">Ära der Götter</marc:subfield>
   </marc:datafield>
   <marc:datafield ind1="0" ind2="0" tag="245">
      <marc:subfield code="c">Ben Peek ; aus dem australischen Englisch von Irene Holickit</marc:subfield>
   </marc:datafield>
   <marc:datafield ind1=" " ind2="1" tag="264">
      <marc:subfield code="a">München</marc:subfield>
      <marc:subfield code="b">Piper</marc:subfield>
      <marc:subfield code="c">2014</marc:subfield>
   </marc:datafield>
   <marc:datafield ind1="1" ind2=" " tag="490">
      <marc:subfield code="a">Piper</marc:subfield>
      <marc:subfield code="v">6971 : Piper Fanstasy</marc:subfield>
   </marc:datafield>
   <marc:datafield ind1="1" ind2=" " tag="520">
      <marc:subfield code="a">Angaben aus der Verlagsmeldung

Ära der Götter : Verflucht (Ära der Götter 1) Immolation / von Ben Peek

Der Krieg der Götter ist seit Jahrtausenden vorüber - doch die Welt ist noch immer gezeichnet vom Tod, Schrecken und der geheimnisvollen Magie, die die Alten hinterließen. Und die Menschheit zittert vor den Anzeichen, dass eine neue Ära der Götter bevorstehen könnte ...
Fünfzehntausend Jahre nach der verheerendsten Schlacht, die die Welt je gesehen hat: Der Krieg der Götter ist vorüber, doch ihre Körper haben die Zeiten überdauert. Sie liegen verstreut über dem Antlitz der Welt in einem ewig währenden Todeskampf. Zugleich erwachen manche Menschen mit seltsamen, magischen Fähigkeiten, die der Kraft der sterbenden Götter entsprungen sind. Unter ihnen die junge Kartographin Ayae, die durch Feuer nicht verletzt werden kann. Dies macht sie zum Ziel einer grausamen Armee, die in ihr Heimatland einfällt. Gemeinsam mit dem unsterblichen Zaifyr muss Ayae erfahren, dass das Erbe der Alten gefährlicher ist, als sie alle ahnten. Und dass die Ära der Götter möglicherweise noch lange nicht vorüber ist ...
</marc:subfield>
   </marc:datafield>
   <marc:datafield ind1=" " ind2=" " tag="020">
      <marc:subfield code="a">9783492269711</marc:subfield>
      <marc:subfield code="9">9783492269711</marc:subfield>
   </marc:datafield>
   <marc:datafield ind1=" " ind2=" " tag="020">
      <marc:subfield code="a">3492269710</marc:subfield>
      <marc:subfield code="9">3492269710</marc:subfield>
   </marc:datafield>
   <marc:datafield ind1=" " ind2=" " tag="041">
      <marc:subfield code="a">ger</marc:subfield>
   </marc:datafield>
   <marc:datafield ind1=" " ind2=" " tag="300">
      <marc:subfield code="a">444 S.</marc:subfield>
   </marc:datafield>
</marc:record>
